Statistiques concernant Suisse : Marques d'eau suisses - Quiz SuisseLn

Cliquez ici pour prendre le quiz!

Statistiques générales

  • Ce quiz a été pris 31 fois
  • Le résultat moyen est 4 sur 17

Statistiques - réponses

Canton dans lequel se trouve la source d'eau utilisée par la marque d’eau suisseMarque d’eau suisse% Correct
ValaisValais
77%
VaudHenniez
73%
ValaisValser
68%
ValaisAproz
59%
GrisonsArkina
23%
GlarisElmer
23%
Bâle-CampagneEptinger
23%
Appenzell Rhodes-IntérieuresAppenzell Minéral
14%
GrisonsRhäzünser
14%
LucerneKnutwiler
9%
GrisonsPassuger
9%
ValaisSwiss Alpina
9%
BerneAdelboner
5%
BerneAdello
5%
GrisonsAllegra
5%
ValaisAquina
5%
SoleureCristallo
5%

Distribution des résultats

Percentile par nombre de réponses

% des personnes avec chaque résultat

Votre développement - résultats

Vous n’avez pas pris ce quiz